000 00705nam a2200289Ia 4500
005 20260324115416.0
008 008 260324s9999 xx 000 0 eng d
020 _a9781351056700
037 _aEBOOK
040 _aCRL
040 _beng
040 _cCRL
041 _2eng
041 _aeng
084 _qCRL
100 _aJustin R.E. Saward; Neville A. Stanton
_91154548
245 0 _aIndividual Latent Error Detection (I-LED)
245 0 _bMaking Systems Safer
260 _bTaylor and Francis
260 _c2018
365 _a
365 _b355
856 _uhttp://www.taylorfrancis.com/books/9781351056700
942 _cEBOOK
999 _c1745418
_d1745418